Biblioteca

Amor Líquido, acerca de la fragilidad de los vínculos humanos / Bauman Zygmunt ; traducido por: Mirta Rosenberg y Jaime Arrambide (Registro nro. 44832)

Detalles MARC
000 -LÍDER
Campo fijo de descripción fija 009260000a22002290004500
020 ## - NÚMERO INTERNACIONAL NORMALIZADO PARA LIBROS
Número Internacional Normalizado del libro 978-698-16-8372
041 0# - CÓDIGO DE IDIOMA
Código de idioma para texto/pista de sonido o título separado
082 04 - NÚMERO DE CLASIFICACIÓN DECIMAL DEWEY
Número de clasificación G 302.545 B3473a
001 - NÚMERO DE CONTROL
Campo de control 18390
100 1# - ASIENTO PRINCIPAL--NOMBRE PERSONAL
Nombre personal Bauman, Zygmunt
245 10 - TÍTULO
Título del Material Amor Líquido, acerca de la fragilidad de los vínculos humanos / Bauman Zygmunt ; traducido por: Mirta Rosenberg y Jaime Arrambide
260 ## - PUBLICACIÓN, DISTRIBUCIÓN, ETC. (PIE DE IMPRENTA)
Lugar de publicación, distribución, etc. México : Fondo de Cultura Económica
300 ## - DESCRIPCIÓN FÍSICA
Extensión 201 páginas
336 ## - CONTENT TYPE
Content type term texto
Content type code txt
Source rdacontent
337 ## - MEDIA TYPE
Source rdamedia
Media type term sin mediación
Media type code n
338 ## - CARRIER TYPE
Source rdacarrier
Carrier type term volumen
Carrier type code nc
500 ## - NOTA GENERAL
Nota General Título original en inglés: Liquid Love: on the frailty of human bonds
501 ## - NOTA DE “CON”
Nota de Contenido rústico
505 00 - NOTA DE CONTENIDO
Nota de contenido con formato preestablecido Prólogo -- Enamorarse y desenamorarse -- Fuera y dentro de la caja de herramientas de la sociedad -- Sobre la dificultad de amar al prójimo -- La unión desmantelada
650 14 - ASIENTO SECUNDARIO DE MATERIA - TERMINO TEMÁTICO
Término temático o nombre geográfico como elemento de entrada RELACIONES HUMANAS \ Noviazgo \ Amor del prójimo
942 ## - TIPO DE MATERIAL (KOHA)
Tipo de Item KOHA Libros General
Existencias
Estado de Material Estado de Perdido Estado de Dañado No para Préstamo Colección Tomo Biblioteca de Origen Biblioteca Permanente Fecha de Adquisición Total de Préstamos Total de Renovaciones Signatura Topográfica Código de Barras Última vez visto Última vez Préstado Ejemplar/Existencia Fecha de Remplazo Tipo de Material
        Colección General   Biblioteca FUSBC Biblioteca FUSBC 31/05/2014 3 3 G 302.545 B3473a 18385 14/06/2024 18/05/2024 1 26/01/2016 Libros General

Biblioteca FUSBC | Teléfono: (57+4) 349 88 10 Ext. 141| WhatsApp (+57) 3005338115 
E-mail: biblioteca@unisbc.edu.co | Calle 76 87-14 Robledo Palenque, Medellín, Colombia

Con tecnología Koha